000 00687nam a2200289Ia 4500
005 20260324140353.0
008 008 260324s9999 xx 000 0 eng d
020 _a9781315079356
037 _aEBOOK
040 _aCRL
040 _beng
040 _cCRL
041 _2eng
041 _aeng
084 _qCRL
100 _aClaude Brodeur; René Devisch
_91204139
245 4 _aThe Law of the Lifegivers
245 4 _bThe Domestication of Desire
260 _bTaylor and Francis
260 _c1999
365 _a
365 _b230
856 _uhttp://www.taylorfrancis.com/books/9781315079356
942 _cEBOOK
999 _c1806149
_d1806149